000 00293nam a2200109Ia 4500
008 200302s9999 xx 000 0 und d
100 _aBeryl Mcalhone and Others
245 _aA Smile in the mind witty thinking in graphic design
260 _bPhaidon Press Ltd.
260 _c2015
300 _a271
999 _c6055
_d6055